000 01758nam a2200397 a 4500
001 ebr5001913
003 CaPaEBR
006 m u
007 cr cn|||||||||
008 010131s2001 mau sb 001 0deng
010 _z 2001025117
020 _z0807009563 (acid-free paper)
040 _aCaPaEBR
_cCaPaEBR
035 _a(OCoLC)70769126
050 1 4 _aE302.5
_b.W68 2001eb
082 0 4 _a973/.09/9
_221
100 1 _aWilkins, Roger W.,
_d1932-
245 1 0 _aJefferson's pillow
_h[electronic resource] :
_bthe founding fathers and the dilemma of Black patriotism /
_cRoger Wilkins.
260 _aBoston :
_bBeacon Press,
_cc2001.
300 _a163 p.
504 _aIncludes bibliographical references (p. 148-154) and index.
533 _aElectronic reproduction.
_bPalo Alto, Calif. :
_cebrary,
_d2013.
_nAvailable via World Wide Web.
_nAccess may be limited to ebrary affiliated libraries.
600 1 0 _aMason, George,
_d1725-1792
_xRelations with African Americans.
600 1 0 _aWashington, George,
_d1732-1799
_xRelations with African Americans.
600 1 0 _aJefferson, Thomas,
_d1743-1826
_xRelations with African Americans.
600 1 0 _aMadison, James,
_d1751-1836
_xRelations with African Americans.
600 1 0 _aWilkins, Roger W.,
_d1932-
600 3 0 _aWilkinson family.
650 0 _aStatesmen
_zUnited States
_xHistory
_y18th century.
650 0 _aPresidents
_zUnited States
_xHistory
_y18th century.
650 0 _aAfrican Americans
_xCivil rights
_xHistory.
650 0 _aNationalism
_zUnited States
_xPsychological aspects.
655 7 _aElectronic books.
_2local
710 2 _aebrary, Inc.
856 4 0 _uhttp://site.ebrary.com/lib/rucke/Doc?id=5001913
_zAn electronic book accessible through the World Wide Web; click to view
999 _c1652
_d1652